[Event "Poznan Chess Festival"]
[Site "chess24.com"]
[Date "2021.08.19"]
[Round "6"]
[White "Miedziak, Mikolaj"]
[Black "Maciejski, Pawel"]
[Result "0-1"]
[Board "51"]
[WhiteElo "1181"]
[WhiteCountry "POL"]
[WhiteFideId "21070580"]
[WhiteEloChange "-4"]
[BlackElo "1438"]
[BlackCountry "POL"]
[BlackFideId "21802890"]
[BlackEloChange "4"]

1. d4 {[%clk 1:30:30]} d5 {[%clk 1:30:30]} 2. Bf4 {[%clk 1:30:30]} Nf6 {[%clk
1:30:30]} 3. e3 {[%clk 1:30:30]} c5 {[%clk 1:30:30]} 4. Nf3 {[%clk 1:30:30]} Nh5
{[%clk 1:30:30]} 5. Bg3 {[%clk 1:30:30]} Qb6 {[%clk 1:30:30]} 6. Nc3 {[%clk
1:30:30]} e6 {[%clk 1:30:30]} 7. Rb1 {[%clk 1:30:30]} Nc6 {[%clk 1:30:30]} 8. Qd3
{[%clk 1:30:30]} c4 {[%clk 1:30:30]} 9. Qd1 {[%clk 1:30:30]} Be7 {[%clk 1:30:30]}
10. b3 {[%clk 1:30:30]} Qa5 {[%clk 1:30:30]} 11. b4 {[%clk 1:30:30]} Bxb4 {[%clk
1:30:30]} 12. Rxb4 {[%clk 1:30:30]} Qxb4 {[%clk 1:30:30]} 13. Qd2 {[%clk
1:30:30]} Nxg3 {[%clk 1:30:30]} 14. hxg3 {[%clk 1:30:30]} f6 {[%clk 1:30:30]} 15.
e4 {[%clk 1:30:30]} Qa5 {[%clk 1:30:30]} 16. Be2 {[%clk 1:30:30]} Bd7 {[%clk
1:30:30]} 17. O-O {[%clk 1:30:30]} O-O {[%clk 1:30:30]} 18. Rb1 {[%clk 1:30:30]}
Rab8 {[%clk 1:30:30]} 19. Rb5 {[%clk 1:30:30]} Qa3 {[%clk 1:30:30]} 20. exd5
{[%clk 1:30:30]} Nxd4 {[%clk 1:30:30]} 21. Nxd4 {[%clk 1:30:30]} Bxb5 {[%clk
1:30:30]} 22. Ndxb5 {[%clk 1:30:30]} Qc5 {[%clk 1:30:30]} 23. dxe6 {[%clk
1:30:30]} Rbd8 {[%clk 1:30:30]} 24. Qe3 {[%clk 1:30:30]} Qxe3 {[%clk 1:30:30]}
25. fxe3 {[%clk 1:30:30]} Rfe8 {[%clk 1:30:30]} 26. Bxc4 {[%clk 1:30:30]} Kf8
{[%clk 1:30:30]} 27. Nc7 {[%clk 1:30:30]} Re7 {[%clk 1:30:30]} 28. N3d5 {[%clk
1:30:30]} Rc8 {[%clk 1:30:30]} 29. Nxe7 {[%clk 1:30:30]} Rxc7 {[%clk 1:30:30]}
30. Ng6+ {[%clk 1:30:30]} hxg6 {[%clk 1:30:30]} 31. Bb3 {[%clk 1:30:30]} Ke7
{[%clk 1:30:30]} 32. Kf2 {[%clk 1:30:30]} b5 {[%clk 1:30:30]} 33. Ke2 {[%clk
1:30:30]} b4 {[%clk 1:30:30]} 34. Kd3 {[%clk 1:30:30]} Kd6 {[%clk 1:30:30]} 35.
Kd4 {[%clk 1:30:30]} a5 {[%clk 1:30:30]} 36. e4 {[%clk 1:30:30]} Rc3 {[%clk
1:30:30]} 37. g4 {[%clk 1:30:30]} Rg3 {[%clk 1:30:30]} 38. e5+ {[%clk 1:30:30]}
fxe5+ {[%clk 1:30:30]} 39. Ke4 {[%clk 1:30:30]} Rxg4+ {[%clk 1:30:30]} 40. Kf3
{[%clk 1:30:30]} Rf4+ {[%clk 1:30:30]} 41. Ke3 {[%clk 1:30:30]} g5 {[%clk
1:30:30]} 42. g3 {[%clk 1:30:30]} Rd4 {[%clk 1:30:30]} 43. Kf3 {[%clk 1:30:30]}
a4 {[%clk 1:30:30]} 44. Bxa4 {[%clk 1:30:30]} Kxe6 {[%clk 1:30:30]} 45. Be8
{[%clk 1:30:30]} Kf6 {[%clk 1:30:30]} 46. g4 {[%clk 1:30:30]} Rf4+ {[%clk
1:30:30]} 47. Kg3 {[%clk 1:30:30]} e4 {[%clk 1:30:30]} 0-1

[Event "Poznan Chess Festival"]
[Site "chess24.com"]
[Date "2021.08.20"]
[Round "7"]
[White "Chojnacki, Krzysztof"]
[Black "Maj, Pawel"]
[Result "1/2-1/2"]
[Board "1"]
[WhiteElo "2381"]
[WhiteTitle "IM"]
[WhiteCountry "POL"]
[WhiteFideId "1114115"]
[WhiteEloChange "-6"]
[BlackElo "2113"]
[BlackCountry "POL"]
[BlackFideId "21818290"]
[BlackEloChange "6"]

1. d4 {[%clk 1:30:55]} Nf6 {[%clk 1:30:54]} 2. c4 {[%clk 1:31:12]} g6 {[%clk
1:31:18]} 3. Nc3 {[%clk 1:31:27]} d5 {[%clk 1:31:42]} 4. Qb3 {[%clk 1:29:50]}
dxc4 {[%clk 1:32:03]} 5. Qxc4 {[%clk 1:30:14]} Bg7 {[%clk 1:31:27]} 6. e4 {[%clk
1:30:13]} Nbd7 {[%clk 1:25:09]} 7. Nf3 {[%clk 1:25:23]} Nb6 {[%clk 1:25:20]} 8.
Qb3 {[%clk 1:23:56]} O-O {[%clk 1:24:42]} 9. Be2 {[%clk 1:23:07]} c6 {[%clk
1:20:16]} 10. O-O {[%clk 1:20:13]} Be6 {[%clk 1:20:28]} 11. Qc2 {[%clk 1:19:51]}
Bg4 {[%clk 1:20:18]} 12. Rd1 {[%clk 1:16:38]} Qc8 {[%clk 1:15:51]} 13. h3 {[%clk
1:13:03]} Bxf3 {[%clk 1:15:53]} 14. Bxf3 {[%clk 1:12:55]} c5 {[%clk 1:03:50]} 15.
d5 {[%clk 1:00:08]} e5 {[%clk 0:57:22]} 16. dxe6 {[%clk 0:55:26]} Qxe6 {[%clk
0:57:37]} 17. Bf4 {[%clk 0:52:19]} Rfd8 {[%clk 0:52:29]} 18. e5 {[%clk 0:46:34]}
Nh5 {[%clk 0:43:32]} 19. Bxh5 {[%clk 0:36:08]} gxh5 {[%clk 0:43:32]} 20. Qe4
{[%clk 0:34:44]} Qc4 {[%clk 0:33:47]} 21. Qf5 {[%clk 0:31:51]} Nd5 {[%clk
0:31:26]} 22. e6 {[%clk 0:22:26]} Qxf4 {[%clk 0:19:57]} 23. exf7+ {[%clk
0:22:20]} Kf8 {[%clk 0:20:22]} 24. Rxd5 {[%clk 0:22:40]} Qxf5 {[%clk 0:20:08]}
25. Rxf5 {[%clk 0:23:04]} b6 {[%clk 0:19:09]} 26. Re1 {[%clk 0:20:11]} Rd7 {[%clk
0:18:47]} 27. Rxh5 {[%clk 0:19:47]} h6 {[%clk 0:19:10]} 28. Re2 {[%clk 0:17:33]}
Rad8 {[%clk 0:18:42]} 29. Rf5 {[%clk 0:14:59]} Rxf7 {[%clk 0:17:40]} 30. Rxf7+
{[%clk 0:14:55]} Kxf7 {[%clk 0:18:05]} 31. g3 {[%clk 0:14:10]} Bxc3 {[%clk
0:17:05]} 32. bxc3 {[%clk 0:14:37]} Rd1+ {[%clk 0:17:30]} 33. Kg2 {[%clk
0:14:47]} Rc1 {[%clk 0:17:55]} 34. Kf3 {[%clk 0:11:27]} Rxc3+ {[%clk 0:17:25]}
35. Kf4 {[%clk 0:11:50]} b5 {[%clk 0:17:02]} 36. h4 {[%clk 0:11:09]} a5 {[%clk
0:16:38]} 37. g4 {[%clk 0:10:00]} a4 {[%clk 0:16:28]} 38. Kf5 {[%clk 0:10:09]} b4
{[%clk 0:11:48]} 39. f4 {[%clk 0:07:14]} b3 {[%clk 0:12:04]} 40. axb3 {[%clk
0:07:14]} axb3 {[%clk 0:12:04]} 41. g5 {[%clk 0:07:14]} hxg5 {[%clk 0:12:04]} 42.
hxg5 {[%clk 0:07:14]} Rg3 {[%clk 0:12:04]} 43. Rd2 {[%clk 0:07:14]} c4 {[%clk
0:12:04]} 44. Rd7+ {[%clk 0:07:00]} Ke8 {[%clk 0:12:04]} 45. Rb7 {[%clk 0:07:00]}
c3 {[%clk 0:12:11]} 1/2-1/2

[Event "Poznan Chess Festival"]
[Site "chess24.com"]
[Date "2021.08.20"]
[Round "7"]
[White "Poltorak, Sebastian"]
[Black "Nowak, Mikolaj"]
[Result "1-0"]
[Board "2"]
[WhiteElo "2205"]
[WhiteCountry "POL"]
[WhiteFideId "1199498"]
[WhiteEloChange "13"]
[BlackElo "2313"]
[BlackCountry "POL"]
[BlackFideId "1191365"]
[BlackEloChange "-13"]

1. d4 {[%clk 1:30:52]} Nf6 {[%clk 1:30:56]} 2. c4 {[%clk 1:31:07]} c5 {[%clk
1:31:20]} 3. d5 {[%clk 1:31:32]} e6 {[%clk 1:31:45]} 4. Nc3 {[%clk 1:31:58]} exd5
{[%clk 1:32:11]} 5. cxd5 {[%clk 1:32:22]} d6 {[%clk 1:32:34]} 6. e4 {[%clk
1:32:40]} Be7 {[%clk 1:32:59]} 7. Bd3 {[%clk 1:32:57]} O-O {[%clk 1:33:17]} 8.
Nge2 {[%clk 1:33:17]} a6 {[%clk 1:32:05]} 9. a4 {[%clk 1:33:35]} Re8 {[%clk
1:31:31]} 10. O-O {[%clk 1:33:00]} Nbd7 {[%clk 1:29:55]} 11. Ng3 {[%clk 1:26:56]}
Rb8 {[%clk 1:27:52]} 12. f4 {[%clk 1:18:39]} Qc7 {[%clk 1:25:47]} 13. Qe2 {[%clk
1:12:33]} Nf8 {[%clk 0:49:21]} 14. h3 {[%clk 1:08:55]} Ng6 {[%clk 0:49:23]} 15.
Bd2 {[%clk 1:02:47]} Bd7 {[%clk 0:41:56]} 16. Kh2 {[%clk 0:59:02]} Bf8 {[%clk
0:38:54]} 17. Rfe1 {[%clk 0:48:50]} Rbc8 {[%clk 0:29:03]} 18. b3 {[%clk 0:46:52]}
Qd8 {[%clk 0:25:10]} 19. Qf2 {[%clk 0:43:30]} Kh8 {[%clk 0:22:30]} 20. Re2 {[%clk
0:38:06]} b5 {[%clk 0:19:38]} 21. axb5 {[%clk 0:37:42]} axb5 {[%clk 0:20:03]} 22.
Nxb5 {[%clk 0:36:43]} Qb6 {[%clk 0:19:33]} 23. Ba5 {[%clk 0:34:15]} Qb7 {[%clk
0:18:04]} 24. Nc3 {[%clk 0:34:38]} Ra8 {[%clk 0:17:18]} 25. Rea2 {[%clk 0:33:23]}
Reb8 {[%clk 0:16:30]} 26. Bc4 {[%clk 0:32:35]} Be7 {[%clk 0:15:56]} 27. Qe3
{[%clk 0:29:11]} Qc8 {[%clk 0:14:05]} 28. e5 {[%clk 0:27:38]} Ng8 {[%clk
0:14:21]} 29. Nce2 {[%clk 0:26:59]} dxe5 {[%clk 0:11:12]} 30. fxe5 {[%clk
0:27:25]} Nxe5 {[%clk 0:11:25]} 31. Qxe5 {[%clk 0:27:51]} Bf6 {[%clk 0:11:49]}
32. Qf4 {[%clk 0:26:30]} Bxa1 {[%clk 0:12:13]} 33. Rxa1 {[%clk 0:26:57]} f6
{[%clk 0:11:00]} 34. Bc3 {[%clk 0:26:35]} Rxa1 {[%clk 0:10:57]} 35. Bxa1 {[%clk
0:27:01]} Qf8 {[%clk 0:10:33]} 36. Bc3 {[%clk 0:25:38]} Bb5 {[%clk 0:09:08]} 37.
Ne4 {[%clk 0:24:34]} Bxc4 {[%clk 0:09:04]} 38. bxc4 {[%clk 0:25:01]} Ra8 {[%clk
0:09:15]} 39. N2g3 {[%clk 0:24:48]} Ne7 {[%clk 0:09:18]} 40. Qd6 {[%clk 0:23:18]}
Ng6 {[%clk 0:08:19]} 41. Qxf8+ {[%clk 0:23:25]} Nxf8 {[%clk 0:06:43]} 42. Nxc5
{[%clk 0:23:46]} Kg8 {[%clk 0:07:06]} 43. Nge4 {[%clk 0:22:11]} Ra2 {[%clk
0:06:24]} 44. Nd6 {[%clk 0:21:19]} Ng6 {[%clk 0:05:48]} 45. Kg3 {[%clk 0:18:11]}
Ne7 {[%clk 0:04:29]} 46. Nb5 {[%clk 0:16:56]} Kf7 {[%clk 0:03:28]} 47. Kf3 {[%clk
0:16:58]} Rc2 {[%clk 0:02:55]} 48. g4 {[%clk 0:16:35]} Rh2 {[%clk 0:02:43]} 49.
Kg3 {[%clk 0:15:26]} Re2 {[%clk 0:03:06]} 50. Nd6+ {[%clk 0:15:12]} Kg8 {[%clk
0:03:20]} 51. Bd4 {[%clk 0:15:24]} Rd2 {[%clk 0:02:56]} 52. Be3 {[%clk 0:15:26]}
Rd1 {[%clk 0:03:09]} 53. Ne6 {[%clk 0:14:44]} Rd3 {[%clk 0:02:18]} 54. Kf3 {[%clk
0:15:00]} Ng6 {[%clk 0:02:06]} 55. Ke4 {[%clk 0:15:10]} Rd1 {[%clk 0:01:52]} 56.
c5 {[%clk 0:14:47]} Ne7 {[%clk 0:02:03]} 57. Nd4 {[%clk 0:15:09]} Rh1 {[%clk
0:02:06]} 58. N4f5 {[%clk 0:14:14]} Nxf5 {[%clk 0:01:38]} 59. gxf5 {[%clk
0:14:31]} Rxh3 {[%clk 0:01:49]} 60. c6 {[%clk 0:14:55]} 1-0

[Event "Poznan Chess Festival"]
[Site "chess24.com"]
[Date "2021.08.20"]
[Round "7"]
[White "Niekras, Dawid"]
[Black "Kaczmarek, Jan"]
[Result "1-0"]
[Board "3"]
[WhiteElo "2289"]
[WhiteTitle "FM"]
[WhiteCountry "POL"]
[WhiteFideId "1160451"]
[WhiteEloChange "2"]
[BlackElo "1337"]
[BlackCountry "POL"]
[BlackFideId "21059276"]
[BlackEloChange "-2"]

1. e4 {[%clk 1:30:57]} c5 {[%clk 1:30:53]} 2. Nf3 {[%clk 1:31:21]} g6 {[%clk
1:31:16]} 3. d4 {[%clk 1:31:45]} cxd4 {[%clk 1:31:41]} 4. Nxd4 {[%clk 1:32:09]}
Nc6 {[%clk 1:32:03]} 5. Be2 {[%clk 1:32:33]} Nf6 {[%clk 1:32:14]} 6. Nc3 {[%clk
1:32:53]} Bg7 {[%clk 1:32:31]} 7. Nb3 {[%clk 1:33:10]} d6 {[%clk 1:32:13]} 8. O-O
{[%clk 1:33:31]} O-O {[%clk 1:32:28]} 9. Re1 {[%clk 1:33:54]} Be6 {[%clk
1:26:21]} 10. Bf1 {[%clk 1:34:10]} a6 {[%clk 1:25:42]} 11. Nd5 {[%clk 1:27:28]}
Rc8 {[%clk 1:19:56]} 12. c3 {[%clk 1:26:58]} Ne5 {[%clk 1:16:22]} 13. Bg5 {[%clk
1:14:51]} Bxd5 {[%clk 1:15:22]} 14. exd5 {[%clk 1:15:15]} Nc4 {[%clk 1:11:03]}
15. Bxc4 {[%clk 1:11:50]} Rxc4 {[%clk 1:11:31]} 16. Qd3 {[%clk 0:59:51]} Rc8
{[%clk 0:58:05]} 17. Re2 {[%clk 0:51:41]} h6 {[%clk 0:54:51]} 18. Bh4 {[%clk
0:51:46]} g5 {[%clk 0:54:34]} 19. Bg3 {[%clk 0:52:14]} Nh5 {[%clk 0:50:36]} 20.
Rae1 {[%clk 0:50:23]} Nxg3 {[%clk 0:50:46]} 21. hxg3 {[%clk 0:43:20]} Re8 {[%clk
0:47:53]} 22. Nd4 {[%clk 0:36:48]} Qa5 {[%clk 0:41:50]} 23. Nf5 {[%clk 0:36:09]}
Qxa2 {[%clk 0:41:12]} 24. Nxe7+ {[%clk 0:34:19]} Rxe7 {[%clk 0:41:33]} 25. Rxe7
{[%clk 0:34:44]} Qxb2 {[%clk 0:41:03]} 26. Qf5 {[%clk 0:22:36]} Rf8 {[%clk
0:39:58]} 27. Rb1 {[%clk 0:21:41]} Qxc3 {[%clk 0:40:08]} 28. Rbxb7 {[%clk
0:21:19]} Qa1+ {[%clk 0:38:24]} 29. Kh2 {[%clk 0:20:04]} Qd1 {[%clk 0:31:59]} 30.
Qf3 {[%clk 0:13:40]} Qxf3 {[%clk 0:31:19]} 31. gxf3 {[%clk 0:14:07]} Bd4 {[%clk
0:31:18]} 32. Re4 {[%clk 0:05:26]} Bc5 {[%clk 0:26:37]} 33. Ra4 {[%clk 0:04:47]}
Ra8 {[%clk 0:26:54]} 34. Kg2 {[%clk 0:04:37]} Kg7 {[%clk 0:26:27]} 35. f4 {[%clk
0:04:21]} g4 {[%clk 0:21:12]} 36. Rb2 {[%clk 0:03:03]} Kf6 {[%clk 0:17:59]} 37.
Rba2 {[%clk 0:02:36]} Kf5 {[%clk 0:18:14]} 38. Rxa6 {[%clk 0:02:27]} Rxa6 {[%clk
0:18:39]} 39. Rxa6 {[%clk 0:02:55]} Ke4 {[%clk 0:19:05]} 40. Ra1 {[%clk 0:02:09]}
Kxd5 {[%clk 0:19:28]} 41. Rh1 {[%clk 0:02:29]} Ke4 {[%clk 0:16:09]} 42. Rxh6
{[%clk 0:02:28]} d5 {[%clk 0:15:59]} 43. Rf6 {[%clk 0:01:26]} d4 {[%clk 0:15:23]}
44. Rxf7 {[%clk 0:01:40]} d3 {[%clk 0:14:43]} 45. Rd7 {[%clk 0:01:47]} Bd4 {[%clk
0:14:34]} 46. Kf1 {[%clk 0:01:42]} d2 {[%clk 0:14:26]} 47. Rxd4+ {[%clk 0:01:13]}
Kxd4 {[%clk 0:14:40]} 48. Ke2 {[%clk 0:01:39]} Kc3 {[%clk 0:14:50]} 49. Kd1
{[%clk 0:02:07]} Kd3 {[%clk 0:15:09]} 50. f5 {[%clk 0:02:31]} 1-0

[Event "Poznan Chess Festival"]
[Site "chess24.com"]
[Date "2021.08.20"]
[Round "7"]
[White "Zakrzewski, Marek"]
[Black "Michalski, Karol"]
[Result "1/2-1/2"]
[Board "4"]
[WhiteElo "2295"]
[WhiteTitle "FM"]
[WhiteCountry "POL"]
[WhiteFideId "1170694"]
[WhiteEloChange "-7"]
[BlackElo "2010"]
[BlackCountry "POL"]
[BlackFideId "1110845"]
[BlackEloChange "7"]

1. e4 {[%clk 1:29:17]} d5 {[%clk 1:27:18]} 2. exd5 {[%clk 1:29:37]} Nf6 {[%clk
1:27:43]} 3. Nf3 {[%clk 1:30:00]} Bg4 {[%clk 1:26:59]} 4. d4 {[%clk 1:27:15]}
Qxd5 {[%clk 1:27:15]} 5. Nc3 {[%clk 1:22:20]} Bxf3 {[%clk 1:25:54]} 6. Nxd5
{[%clk 1:22:30]} Bxd1 {[%clk 1:26:19]} 7. Nxf6+ {[%clk 1:20:37]} gxf6 {[%clk
1:26:35]} 8. Kxd1 {[%clk 1:21:01]} Nc6 {[%clk 1:26:53]} 9. c3 {[%clk 1:19:22]}
O-O-O {[%clk 1:27:13]} 10. Kc2 {[%clk 1:19:09]} e5 {[%clk 1:27:37]} 11. dxe5
{[%clk 1:17:37]} fxe5 {[%clk 1:28:03]} 12. Be3 {[%clk 1:02:16]} f5 {[%clk
0:57:10]} 13. g3 {[%clk 1:00:37]} Bd6 {[%clk 0:55:09]} 14. Bh3 {[%clk 0:55:45]}
Rhf8 {[%clk 0:51:24]} 15. Rhf1 {[%clk 0:55:03]} Rde8 {[%clk 0:49:48]} 16. Rad1
{[%clk 0:53:29]} Rf7 {[%clk 0:48:56]} 17. b4 {[%clk 0:37:00]} b6 {[%clk 0:46:18]}
18. Kb3 {[%clk 0:30:44]} Kb8 {[%clk 0:39:43]} 19. f4 {[%clk 0:29:26]} e4 {[%clk
0:38:27]} 20. a3 {[%clk 0:23:27]} a5 {[%clk 0:36:26]} 21. Bxb6 {[%clk 0:19:53]}
axb4 {[%clk 0:31:18]} 22. axb4 {[%clk 0:20:16]} Bxb4 {[%clk 0:24:25]} 23. Be3
{[%clk 0:19:29]} Bf8 {[%clk 0:19:59]} 24. Rd5 {[%clk 0:18:18]} Rd8 {[%clk
0:19:16]} 25. Rb5+ {[%clk 0:17:19]} Kc8 {[%clk 0:19:41]} 26. Bxf5+ {[%clk
0:14:23]} Rxf5 {[%clk 0:20:07]} 27. Rxf5 {[%clk 0:14:50]} Bg7 {[%clk 0:20:26]}
28. Rf7 {[%clk 0:14:34]} Bxc3 {[%clk 0:20:42]} 29. Kxc3 {[%clk 0:14:50]} Rd3+
{[%clk 0:21:07]} 30. Kc4 {[%clk 0:14:10]} Rxe3 {[%clk 0:21:09]} 31. Rxh7 {[%clk
0:14:34]} Re2 {[%clk 0:17:17]} 32. f5 {[%clk 0:13:17]} Rc2+ {[%clk 0:17:41]} 33.
Kd5 {[%clk 0:13:05]} e3 {[%clk 0:18:04]} 34. Ke4 {[%clk 0:10:03]} Rf2 {[%clk
0:14:41]} 35. Re1 {[%clk 0:10:07]} e2 {[%clk 0:14:42]} 36. Ke3 {[%clk 0:09:54]}
Rxf5 {[%clk 0:15:07]} 37. Rxe2 {[%clk 0:10:16]} Nb4 {[%clk 0:14:21]} 38. g4
{[%clk 0:09:24]} Rf8 {[%clk 0:14:32]} 39. g5 {[%clk 0:09:13]} Nd5+ {[%clk
0:13:59]} 40. Kd2 {[%clk 0:08:56]} Rg8 {[%clk 0:11:46]} 41. h4 {[%clk 0:08:49]}
Kb7 {[%clk 0:12:12]} 42. Re6 {[%clk 0:08:19]} Nf4 {[%clk 0:11:51]} 43. Ree7
{[%clk 0:08:35]} Rd8+ {[%clk 0:11:00]} 44. Rd7 {[%clk 0:08:58]} Rc8 {[%clk
0:10:45]} 45. Ke3 {[%clk 0:08:45]} Ng6 {[%clk 0:10:28]} 46. h5 {[%clk 0:08:35]}
Nf8 {[%clk 0:10:52]} 47. Rxc7+ {[%clk 0:08:53]} Rxc7 {[%clk 0:11:15]} 48. Rxc7+
{[%clk 0:09:21]} Kxc7 {[%clk 0:11:42]} 49. g6 {[%clk 0:09:46]} Nd7 {[%clk
0:11:09]} 50. g7 {[%clk 0:08:49]} Nf6 {[%clk 0:11:24]} 51. Ke2 {[%clk 0:09:03]}
Ng8 {[%clk 0:11:36]} 52. Kf3 {[%clk 0:09:14]} Kd7 {[%clk 0:11:58]} 53. Kg4 {[%clk
0:09:39]} Ke7 {[%clk 0:12:17]} 54. Kg5 {[%clk 0:10:06]} Kf7 {[%clk 0:12:41]} 55.
h6 {[%clk 0:10:33]} Nxh6 {[%clk 0:13:08]} 56. Kxh6 {[%clk 0:11:01]} Kg8 {[%clk
0:13:37]} 57. Kg6 {[%clk 0:11:27]} 1/2-1/2

[Event "Poznan Chess Festival"]
[Site "chess24.com"]
[Date "2021.08.20"]
[Round "7"]
[White "Jaskolka, Tomasz"]
[Black "Andrzejewska, Anna"]
[Result "1-0"]
[Board "5"]
[WhiteElo "2220"]
[WhiteTitle "CM"]
[WhiteCountry "POL"]
[WhiteFideId "1170791"]
[WhiteEloChange "3"]
[BlackElo "1948"]
[BlackTitle "WCM"]
[BlackCountry "POL"]
[BlackFideId "1127284"]
[BlackEloChange "-3"]

1. d4 {[%clk 1:30:55]} Nf6 {[%clk 1:30:45]} 2. c4 {[%clk 1:31:21]} c6 {[%clk
1:29:32]} 3. Nc3 {[%clk 1:31:44]} d5 {[%clk 1:29:26]} 4. Nf3 {[%clk 1:31:56]}
dxc4 {[%clk 1:22:20]} 5. a4 {[%clk 1:32:08]} Bf5 {[%clk 1:17:34]} 6. e3 {[%clk
1:30:33]} e6 {[%clk 1:13:33]} 7. Bxc4 {[%clk 1:30:49]} h6 {[%clk 1:10:05]} 8. O-O
{[%clk 1:28:59]} Be7 {[%clk 1:08:54]} 9. Qe2 {[%clk 1:12:33]} O-O {[%clk
1:02:08]} 10. Rd1 {[%clk 1:12:45]} a5 {[%clk 0:57:16]} 11. e4 {[%clk 1:09:38]}
Bh7 {[%clk 0:56:01]} 12. Bf4 {[%clk 1:08:33]} Bb4 {[%clk 0:52:34]} 13. d5 {[%clk
1:06:56]} exd5 {[%clk 0:42:37]} 14. exd5 {[%clk 1:07:19]} Nxd5 {[%clk 0:30:45]}
15. Bxd5 {[%clk 1:05:03]} cxd5 {[%clk 0:29:46]} 16. Nxd5 {[%clk 1:05:22]} Qc8
{[%clk 0:27:57]} 17. Nb6 {[%clk 0:56:30]} Qf5 {[%clk 0:26:01]} 18. Nxa8 {[%clk
0:56:21]} Qxf4 {[%clk 0:25:59]} 19. Nb6 {[%clk 0:56:31]} Nc6 {[%clk 0:22:38]} 20.
Nd5 {[%clk 0:56:46]} Qg4 {[%clk 0:21:17]} 21. Nxb4 {[%clk 0:56:42]} Nxb4 {[%clk
0:21:17]} 22. Rd4 {[%clk 0:56:22]} Qc8 {[%clk 0:20:15]} 23. Rad1 {[%clk 0:54:45]}
Qc6 {[%clk 0:15:33]} 24. Ne5 {[%clk 0:53:19]} Qe6 {[%clk 0:13:06]} 25. Qb5 {[%clk
0:49:28]} Bc2 {[%clk 0:11:05]} 26. Re1 {[%clk 0:45:01]} Re8 {[%clk 0:09:38]} 27.
f4 {[%clk 0:38:29]} Rc8 {[%clk 0:04:40]} 28. Nf3 {[%clk 0:35:38]} Qa2 {[%clk
0:03:10]} 29. Qxb7 {[%clk 0:34:23]} Rf8 {[%clk 0:03:20]} 30. Rd2 {[%clk 0:26:25]}
Bxa4 {[%clk 0:02:08]} 31. Qe7 {[%clk 0:25:40]} g6 {[%clk 0:00:46]} 32. f5 {[%clk
0:20:52]} Re8 {[%clk 0:00:35]} 33. Rd8 {[%clk 0:21:02]} Rxd8 {[%clk 0:00:52]} 34.
Qxd8+ {[%clk 0:21:26]} Kh7 {[%clk 0:00:49]} 35. fxg6+ {[%clk 0:21:29]} Kxg6
{[%clk 0:01:00]} 36. Qg8+ {[%clk 0:21:30]} Kf6 {[%clk 0:01:17]} 37. Qh8+ {[%clk
0:21:32]} Kg6 {[%clk 0:01:24]} 38. Nh4+ {[%clk 0:21:49]} Kg5 {[%clk 0:01:27]} 39.
Qe5+ {[%clk 0:22:06]} 1-0

[Event "Poznan Chess Festival"]
[Site "chess24.com"]
[Date "2021.08.20"]
[Round "7"]
[White "Zgarda, Jakub"]
[Black "Piotrowski, Pawel"]
[Result "0-1"]
[Board "6"]
[WhiteElo "1788"]
[WhiteCountry "POL"]
[WhiteFideId "1140280"]
[WhiteEloChange "-3"]
[BlackElo "2067"]
[BlackCountry "POL"]
[BlackFideId "1184415"]
[BlackEloChange "3"]

1. e4 {[%clk 1:30:53]} c5 {[%clk 1:30:57]} 2. b3 {[%clk 1:30:27]} Nc6 {[%clk
1:25:16]} 3. Bb2 {[%clk 1:30:25]} Nf6 {[%clk 1:25:01]} 4. e5 {[%clk 1:27:34]} Nd5
{[%clk 1:25:18]} 5. c4 {[%clk 1:27:26]} Nc7 {[%clk 1:24:44]} 6. f4 {[%clk
1:21:11]} d5 {[%clk 1:24:54]} 7. Nc3 {[%clk 1:12:34]} dxc4 {[%clk 1:20:16]} 8.
Bxc4 {[%clk 1:10:36]} Bf5 {[%clk 1:20:34]} 9. Nf3 {[%clk 0:56:58]} Qd7 {[%clk
1:20:54]} 10. O-O {[%clk 0:56:37]} O-O-O {[%clk 1:21:20]} 11. Nb5 {[%clk
0:47:11]} Ne6 {[%clk 1:16:21]} 12. Bxe6 {[%clk 0:41:06]} Qxe6 {[%clk 1:09:28]}
13. d4 {[%clk 0:28:08]} a6 {[%clk 1:02:18]} 14. Na3 {[%clk 0:26:07]} Be4 {[%clk
1:01:44]} 15. Rc1 {[%clk 0:24:50]} Bxf3 {[%clk 1:00:47]} 16. Qxf3 {[%clk
0:24:36]} cxd4 {[%clk 1:01:08]} 17. Rfd1 {[%clk 0:15:26]} Qd5 {[%clk 1:01:34]}
18. Qd3 {[%clk 0:11:53]} e6 {[%clk 1:01:45]} 19. Nc2 {[%clk 0:11:32]} Kb8 {[%clk
1:01:11]} 20. Kf1 {[%clk 0:08:35]} Bc5 {[%clk 1:01:29]} 21. a3 {[%clk 0:08:02]}
g5 {[%clk 1:01:04]} 22. b4 {[%clk 0:07:01]} Bb6 {[%clk 1:01:26]} 23. g3 {[%clk
0:06:48]} Qh1+ {[%clk 1:01:42]} 24. Kf2 {[%clk 0:06:36]} Qxh2+ {[%clk 1:02:06]}
25. Kf3 {[%clk 0:06:22]} g4+ {[%clk 1:02:25]} 0-1

[Event "Poznan Chess Festival"]
[Site "chess24.com"]
[Date "2021.08.20"]
[Round "7"]
[White "Kowalewicz, Kacper"]
[Black "Chaczynski, Kamil"]
[Result "1/2-1/2"]
[Board "7"]
[WhiteElo "1778"]
[WhiteCountry "POL"]
[WhiteFideId "1151339"]
[WhiteEloChange "6"]
[BlackElo "2040"]
[BlackCountry "POL"]
[BlackFideId "21807906"]
[BlackEloChange "-6"]

1. Nf3 {[%clk 1:30:50]} Nf6 {[%clk 1:30:52]} 2. g3 {[%clk 1:30:42]} g6 {[%clk
1:31:13]} 3. Bg2 {[%clk 1:31:06]} Bg7 {[%clk 1:31:37]} 4. O-O {[%clk 1:31:29]}
O-O {[%clk 1:31:57]} 5. d4 {[%clk 1:31:53]} d6 {[%clk 1:32:18]} 6. b3 {[%clk
1:30:32]} Nbd7 {[%clk 1:15:51]} 7. Bb2 {[%clk 1:30:54]} Ne4 {[%clk 1:15:14]} 8.
Nfd2 {[%clk 1:31:11]} Nxd2 {[%clk 1:15:32]} 9. Nxd2 {[%clk 1:30:34]} c5 {[%clk
1:15:21]} 10. Nc4 {[%clk 1:30:05]} Rb8 {[%clk 1:14:05]} 11. a4 {[%clk 1:26:38]}
b6 {[%clk 1:12:12]} 12. Qd2 {[%clk 1:21:43]} Qc7 {[%clk 1:08:50]} 13. Rfd1 {[%clk
1:20:22]} Bb7 {[%clk 1:04:03]} 14. Bxb7 {[%clk 1:20:00]} Qxb7 {[%clk 1:04:10]}
15. dxc5 {[%clk 1:20:13]} Bxb2 {[%clk 0:51:25]} 16. c6 {[%clk 1:20:18]} Qxc6
{[%clk 0:51:44]} 17. Nxb2 {[%clk 1:20:45]} Rfc8 {[%clk 0:50:39]} 18. c4 {[%clk
1:21:08]} Qe4 {[%clk 0:43:03]} 19. f3 {[%clk 1:16:12]} Qf5 {[%clk 0:41:53]} 20.
Nd3 {[%clk 1:12:14]} Nc5 {[%clk 0:37:44]} 21. Rab1 {[%clk 1:12:39]} Nxd3 {[%clk
0:35:37]} 22. Qxd3 {[%clk 1:12:14]} Qc5+ {[%clk 0:33:33]} 23. Kg2 {[%clk
1:12:43]} a6 {[%clk 0:32:55]} 24. Qe4 {[%clk 1:12:41]} Rc7 {[%clk 0:31:53]} 25.
Rd5 {[%clk 1:13:04]} Qb4 {[%clk 0:31:52]} 26. h4 {[%clk 1:13:17]} b5 {[%clk
0:31:52]} 1/2-1/2